Stranger Things Trivia #S - Statistics

General Stats
  • This quiz has been taken 37 times
  • The average score is 11 of 15
Answer Stats
Hint Answer % Correct
Wills favorite song, he sings to himself in the Upside down Should I Stay or Should I Go
100%
Dustins girlfriend Suzie
100%
Actor of Will Byers (surname) Noah Schnapp
97%
Actress of Max Mayfield (surname) Sadie Sink
97%
Name of the Mall in Hawkins Starcourt Mall
97%
The Hair Steve Harrington
97%
The kids lock Billy in here Sauna
90%
Name of the school dance in Season 2 Snow Ball
90%
Hoppers deceased daughter Sara
87%
Where the above works in Season 3 Scoops Ahoy
87%
Eleven, is introduced to Mr. Clarke as a cousin of Mike from __ Sweden
70%
What Hopper calls Alexei Smirnoff
50%
Lieutenant Colonel looking for Eleven Sullivan
27%
What message does Max leave for the boys in the trash, when theyre watching her Stop spying on me creeps
20%
__ is a miniature device that, when implanted into the neck of an individual with psychokinetic abilities, inhibits that person's abilities Soteria
7%
No matching quizzes found
Score Distribution
Percent of People with Each Score
Percentile by Number Answered
Your Score History
You have not taken this quiz